Online
Catalog

Estrategias de reactivación económica para la República Dominicana / (Record no. 26264)

MARC details
000 -CABECERA
campo de control de longitud fija 02510nam a2200301 a 4500
001 - NÚMERO DE CONTROL
campo de control 000026772
005 - FECHA Y HORA DE LA ÚLTIMA TRANSACCIÓN
campo de control 20260305073951.0
008 - DATOS DE LONGITUD FIJA--INFORMACIÓN GENERAL
campo de control de longitud fija 110325s1986 dr 000 0 spa d
040 ## - FUENTE DE LA CATALOGACIÓN
Centro catalogador/agencia de origen DO-SdBNP
Lengua de catalogación spa
Centro/agencia transcriptor BNPHU
082 ## - NÚMERO DE LA CLASIFICACIÓN DECIMAL DEWEY
Número de clasificación 330.917293
Número de documento/Ítem F745e
110 2# - ENTRADA PRINCIPAL--NOMBRE DE ENTIDAD CORPORATIVA
Nombre de entidad corporativa o nombre de jurisdicción como elemento de entrada FORUM
9 (RLIN) 8563
245 10 - MENCIÓN DE TÍTULO
Título Estrategias de reactivación económica para la República Dominicana /
Mención de responsabilidad, etc. editor Frank Moya Pons.
260 ## - PUBLICACIÓN, DISTRIBUCIÓN, ETC.
Lugar de publicación, distribución, etc. Santo Domingo :
Nombre del editor, distribuidor, etc. FORUM,
Fecha de publicación, distribución, etc. 1986.
Fabricante Amigo del Hogar,
300 ## - DESCRIPCIÓN FÍSICA
Extensión 235, [4] p. ;
Dimensiones 23 cm.
490 1# - MENCIÓN DE SERIE
Mención de serie FORUM
Designación de volumen o secuencia 23
504 ## - NOTA DE BIBLIOGRAFÍA, ETC.
Nota de bibliografía, etc. Incluye bibliografía y notas al pie de páginas.
505 0# - NOTA DE CONTENIDO CON FORMATO
Información miscelánea Presentación --
Título Introducción /
Mención de responsabilidad Frank Moya Pons --
Título Una evaluación del programa de ajuste en la República Dominicana /
Mención de responsabilidad Orlando Haza --
Título Las políticas de ajuste en América Latina /
Mención de responsabilidad Carlos Massad --
Título Perspectivas y retos de nuestra economía /
Mención de responsabilidad Hugo Giuliani Cury --
Título La conversión de la deuda en inversión: una posible salida /
Mención de responsabilidad Andrés Dauhajre, hijo --
Título Crisis, ajuste y reactivación económica /
Mención de responsabilidad Andrés Bianchi --
Información miscelánea Debate --
Título La crisis de la deuda: un enfoque marginal /
Mención de responsabilidad Frank Marino Hernández --
Título El tratamiento de una agenda de política social para la crisis /
Mención de responsabilidad Francisco León --
Información miscelánea Debate --
Título El sector industrial y la reactivación económica de la República Dominicana /
Mención de responsabilidad George Arzeno Brugal --
Información miscelánea Debate --
Título El ambiente económico para el desarrollo de la agricultura. El caso de la República Dominicana /
Mención de responsabilidad Ewald Goetz --
Información miscelánea Debate --
Título La reactivación económica y el reto tecnológico agropecuario dominicano /
Mención de responsabilidad Luis Crouch --
Información miscelánea Debate --
Título Estrategias y políticas para el crecimiento del comercio exterior /
Mención de responsabilidad Roberto Saladín --
Información miscelánea Debate.
520 ## - SUMARIO, ETC.
Sumario, etc. Recoge las exposiciones que fueron presentadas en el Encuentro "Reactivación Económica para la República Dominicana", celebrado por FORUM, en el Hotel Santo Domingo Sur, el sábado 5 de julio de 1986.
590 ## - NOTA LOCAL (RLIN)
Nota local Inventariado, 2018/ YL
650 #4 - PUNTO DE ACCESO ADICIONAL DE MATERIA--TÉRMINO DE MATERIA
Término de materia o nombre geográfico como elemento de entrada Crecimiento económico
Subdivisión general Congresos, conferencias, etc.
9 (RLIN) 7950
650 #4 - PUNTO DE ACCESO ADICIONAL DE MATERIA--TÉRMINO DE MATERIA
Término de materia o nombre geográfico como elemento de entrada Potencial de crecimiento
Subdivisión cronológica REPÚBLICA DOMINICANA
Subdivisión general Congresos, conferencias, etc.
9 (RLIN) 7949
650 #4 - PUNTO DE ACCESO ADICIONAL DE MATERIA--TÉRMINO DE MATERIA
Término de materia o nombre geográfico como elemento de entrada Desarrollo económico
Subdivisión geográfica República Dominicana
Subdivisión general Congresos, conferencias, etc.
9 (RLIN) 7948
651 #4 - PUNTO DE ACCESO ADICIONAL DE MATERIA--NOMBRE GEOGRÁFICO
Nombre geográfico República Dominicana
Subdivisión general Condiciones Económicas
-- Congresos, Conferencias, Etc.
9 (RLIN) 8547
651 #4 - PUNTO DE ACCESO ADICIONAL DE MATERIA--NOMBRE GEOGRÁFICO
Nombre geográfico República Dominicana
Subdivisión general Política Económica
-- Congresos, Conferencias, Etc.
9 (RLIN) 12065
700 1# - PUNTO DE ACCESO ADICIONAL--NOMBRE DE PERSONA
Nombre de persona Moya Pons, Frank,
Fechas asociadas al nombre 1944-
Término indicativo de función/relación ed.
9 (RLIN) 2095
830 #0 - PUNTO DE ACCESO ADICIONAL DE SERIE-TÍTULO UNIFORME
Título uniforme FORUM
Designación de volumen o secuencia 23
9 (RLIN) 7431
910 ## - DATOS DE OPCIÓN DEL USUARIO (OCLC)
Datos de opción del usuario Validado. Control de calidad EMS
Holdings
Estado de retiro Estado de pérdida Restricciones de uso No para préstamo Código de colección Localización permanente Ubicación/localización actual Ubicación en estantería Fecha de adquisición Número de inventario Total de préstamos Signatura topográfica completa Código de barras Fecha visto por última vez Precio válido a partir de Tipo de ítem Koha Número de copia
        Patrimonio Dominicano Patrimonio Dominicano Patrimonio Dominicano Depósito 25.03.2011 LF1   330.917293 F745e 26772-10 25.06.2020 25.06.2020 Libro y Folleto Colección Patrimonio Dominicano  
      Excluido de préstamo Patrimonio Dominicano Patrimonio Dominicano Patrimonio Dominicano Depósito 05.08.2012 LF1   330.917293 F745e 26772-20 25.06.2020 25.06.2020 Libro y Folleto Colección Patrimonio Dominicano e. 2

Powered by Koha